Komerčný poistný trh v Slovenskej republike v období dlhovej krízy
Komerčný poistný trh - jeho vymedzenie. Analýza vybraných ukazovateľov komerčného poistného trhu v Slovenskej republike za rok 2010. Technické poistné k 31.12.2009 a 31.12.2010. Technické poistné v životnom a neživotnom poistení k 31.12.2010 v jednotlivých komerčných poisťovniach. Vývoj poistného tr...
Enregistré dans:
| Auteur principal: | |
|---|---|
| Format: | Chapitre de livre |
| Langue: | slovaque |
| Sujets: | |
| Tags: |
Pas de tags, Soyez le premier à ajouter un tag!
|
MARC
| LEADER | 00000naa a2200000 4500 | ||
|---|---|---|---|
| 001 | 0152012 | ||
| 005 | 20240502072721.1 | ||
| 041 | 0 | |a slo | |
| 044 | |a SK | ||
| 245 | 1 | 0 | |a Komerčný poistný trh v Slovenskej republike v období dlhovej krízy |c Barbora Drugdová |
| 520 | |a Komerčný poistný trh - jeho vymedzenie. Analýza vybraných ukazovateľov komerčného poistného trhu v Slovenskej republike za rok 2010. Technické poistné k 31.12.2009 a 31.12.2010. Technické poistné v životnom a neživotnom poistení k 31.12.2010 v jednotlivých komerčných poisťovniach. Vývoj poistného trhu v oblasti životného poistenia dynamickejší ako v neživotnom poistení. | ||
| 610 | 2 | 0 | |a poisťovne komerčné |
| 610 | 2 | 0 | |a poistenie životné |
| 610 | 2 | 0 | |a poistenie neživotné |
| 610 | 2 | 0 | |a vývoj |
| 610 | 2 | 0 | |a analýzy |
| 610 | 2 | 0 | |a kríza |
| 610 | 2 | 0 | |a Slovensko |
| 100 | 1 | |a Drugdová, Barbora | |